000 00680nam a2200289Ia 4500
005 20260324141415.0
008 008 260324s9999 xx 000 0 eng d
020 _a9780429428555
037 _aEBOOK
040 _aCRL
040 _beng
040 _cCRL
041 _2eng
041 _aeng
084 _qCRL
100 _aA.L. Smyth
_91208070
245 0 _aJohn Dalton, 1766–1844
245 2 _bA Bibliography of Works By and About Him
260 _bTaylor and Francis
260 _c1997
365 _a
365 _b150
856 _uhttp://www.taylorfrancis.com/books/9780429428555
942 _cEBOOK
999 _c1811134
_d1811134